| 000 | 00414nam a2200157Ia 4500 | ||
|---|---|---|---|
| 008 | 230718s9999 xx 000 0 und d | ||
| 041 | _aeng | ||
| 082 |
_a005.43 _bDON |
||
| 100 |
_aDonovan J.J. _9156113 |
||
| 245 | _aSystems Programming | ||
| 260 | _bTata Mc-graw Hill Pub. | ||
| 300 | _dRef 1350 C (27827) | ||
| 365 |
_cRs. _b225.00 |
||
| 700 |
_aDonovan J.J. _9156113 |
||
| 906 |
_dB:357511-Apr-2007 _cCOMP _b45 |
||
| 999 |
_c316608 _d316608 |
||